V znamení kritickej náročnosti rokovali členské schôdze základných organizácií strany

Podrobná bibliografia
Médium: Článok
Jazyk:slovenčina
Predmet:

MARC

LEADER 00000nab a2200000 a 4500
001 vtls008833426
003 SK-MaSNL
005 20260303183950.0
008 050509 19770216xo d 000 0 slo
015 |a SNBRB1977 
040 |a SNKBUCL  |b slo  |c SNKBUCL  |e AACR2 
041 0 |a slo 
044 |a xo  |c SK 
080 |a 329.15(437.6)  |2 2001 
245 0 0 |a V znamení kritickej náročnosti  |b rokovali členské schôdze základných organizácií strany 
610 2 7 |a Komunistická strana Slovenska.  |b Základné organizácie  |2 snkbucl  |9 87378 
648 7 |a február 1977  |2 snkbucl  |9 1068169 
650 0 7 |a členské schôdze  |2 snkbucl  |9 470450 
773 0 |t Pravda  |g 16.2.1977, s. 1 a 2. 
999 |c 2124016  |d 2125946